000 00693nam a2200265Ia 4500
003 OSt
005 20220918164317.0
006 a|||||r|||| 00| 0
007 ta
008 220917b |||||||| |||| 00| 0 eng d
020 _a0521427185
024 _a28,296
037 _cTextual
040 _aARTS
_cARTS
_beng
041 _2eng
_aeng
082 _aO111,2N47:g, N5
100 _aHomden Carol
_918244
245 0 _aPlays of David Hare
260 _aCambridge
_bCUP
_c1995
300 _axi,262p.
_ccm.
500 _aIncludes index; Bib 249-59p
650 _aENGLISH LITERATURE
942 _hO111,2N47:g, N5
_cTEXL
_2CC
999 _c124179
_d124179